MARC

LEADER 00000nam0a2200000 4500
001 63588
005 20231031064428.0
035 |a (RuTPU)RU\TPU\book\67481 
090 |a 63588 
100 |a 20040517d1977 m y0rusy50 ca 
101 0 |a rus 
102 |a RU 
105 |a a z 001zy 
200 1 |a Бурение геологоразведочных скважин шарошечными долотами  |f И. Г. Хорюшин 
210 |a Москва  |c Недра  |d 1977 
215 |a 172 с.  |c ил. 
320 |a Библиогр.: с. 164-170. 
610 1 |a геологоразведочные скважины 
610 1 |a бурение 
610 1 |a шарошечные долота 
610 1 |a горные породы 
610 1 |a разрушение 
610 1 |a механическая скорость 
675 |a 550.82  |v 3 
700 1 |a Хорюшин  |b И. Г.  |g Игорь Григорьевич 
801 1 |a RU  |b 63413507  |c 20040517  |g PSBO 
801 2 |a RU  |b 63413507  |c 20070405  |g PSBO 
942 |c BK